[Event "Belgrade Serbia op"]
[Site "Belgrade"]
[Date "2023.07.22"]
[Round "7"]
[White "Pantovic, Dragan M"]
[Black "Efremov, Vladislav"]
[Result "0-1"]
[WhiteElo "2057"]
[BlackElo "2356"]
[PlyCount "66"]
[EventDate "2023.07.16"]
[EventType "swiss"]
[EventRounds "9"]
[EventCountry "SRB"]
[SourceTitle "CBM 215 Extra"]
[Source "ChessBase"]
[SourceDate "2023.09.30"]
[SourceVersion "1"]
[SourceVersionDate "2023.09.30"]
[SourceQuality "1"]

1. d4 Nf6 2. c4 g6 3. Nc3 Bg7 4. e4 d6 5. Be2 0-0 6. Nf3 Nbd7 7. 0-0 e5 8. Be3 Re8 9. Qc2 c6 10. Rad1 Qe7 11. Rfe1 exd4 12. Bxd4 Ne5 13. b4 Bg4 14. Nxe5 dxe5 15. Bc5 Qc7 16. Bd6 Qc8 17. Bxg4 Qxg4 18. h3 Qe6 19. Na4 b6 20. Qb3 Rad8 21. c5 Rd7 22. Qxe6 Rxe6 23. Bb8 Rb7 24. Bd6 b5 25. Nc3 Ne8 26. Rb1 Nxd6 27. cxd6 Rxd6 28. a4 a6 29. axb5 axb5 30. Ra1 Rd4 31. Ra8+ Bf8 32. Rc8 Rc4 33. Rd1 Kg7 0-1

[Event "EU-ch 23rd"]
[Site "Vrnjacka Banja"]
[Date "2023.03.10"]
[Round "8"]
[White "Srdanovic, Jovana"]
[Black "Pantovic, Dragan M"]
[Result "1/2-1/2"]
[WhiteElo "2146"]
[BlackElo "2038"]
[PlyCount "20"]
[EventDate "2023.03.03"]
[EventType "swiss"]
[EventRounds "11"]
[EventCountry "SRB"]
[SourceTitle "CBM 213"]
[Source "ChessBase"]
[SourceDate "2023.04.30"]
[SourceVersion "1"]
[SourceVersionDate "2023.04.30"]
[SourceQuality "1"]

1. d4 f5 2. g3 Nf6 3. Bg2 g6 4. c4 Bg7 5. Nf3 0-0 6. 0-0 d6 7. Nc3 c6 8. Qb3 Na6 9. c5+ Kh8 10. cxd6 exd6 1/2-1/2

[Event "EU-ch 23rd"]
[Site "Vrnjacka Banja"]
[Date "2023.03.08"]
[Round "6"]
[White "Khandelwal, Ankush"]
[Black "Pantovic, Dragan M"]
[Result "1-0"]
[WhiteElo "2255"]
[BlackElo "2038"]
[PlyCount "79"]
[EventDate "2023.03.03"]
[EventType "swiss"]
[EventRounds "11"]
[EventCountry "SRB"]
[SourceTitle "CBM 213"]
[Source "ChessBase"]
[SourceDate "2023.04.30"]
[SourceVersion "1"]
[SourceVersionDate "2023.04.30"]
[SourceQuality "1"]

1. e4 e5 2. Nf3 Nc6 3. d4 exd4 4. Nxd4 Nf6 5. Nxc6 bxc6 6. e5 Qe7 7. Qe2 Nd5 8. g3 f6 9. c4 Ba6 10. e6 0-0-0 11. Bh3 Qb4+ 12. Nd2 Nb6 13. exd7+ Nxd7 14. 0-0 Bd6 15. Re1 Kb8 16. a3 Qc5 17. b3 Ne5 18. Bb2 Rhe8 19. Ne4 Qb6 20. Nxd6 cxd6 21. Bg2 Bb7 22. Qc2 c5 23. Bxb7 Qxb7 24. Bxe5 Rxe5 25. Qxh7 g5 26. Qg6 Qe7 27. Reb1 f5 28. b4 Ka8 29. bxc5 Rxc5 30. Rb4 Re5 31. Kg2 f4 32. Qd3 d5 33. Rab1 Rf8 34. Qb3 Qc7 35. cxd5 f3+ 36. Kf1 Qc8 37. g4 Re2 38. Rb7 Rc2 39. Rxa7+ Kxa7 40. Qb6+ 1-0

[Event "EU-ch 23rd"]
[Site "Vrnjacka Banja"]
[Date "2023.03.05"]
[Round "3"]
[White "Pantovic, Dragan M"]
[Black "Samani, Yamac"]
[Result "1/2-1/2"]
[WhiteElo "2038"]
[BlackElo "2357"]
[PlyCount "57"]
[EventDate "2023.03.03"]
[EventType "swiss"]
[EventRounds "11"]
[EventCountry "SRB"]
[SourceTitle "CBM 213"]
[Source "ChessBase"]
[SourceDate "2023.04.30"]
[SourceVersion "1"]
[SourceVersionDate "2023.04.30"]
[SourceQuality "1"]

1. d4 d5 2. c4 e6 3. Nf3 c6 4. e3 Nf6 5. Nbd2 Nbd7 6. Bd3 Bd6 7. 0-0 0-0 8. e4 dxe4 9. Nxe4 Nxe4 10. Bxe4 h6 11. Bc2 Nf6 12. b3 Qa5 13. Bb2 Rd8 14. Qe2 Ba3 15. Bxa3 Qxa3 16. Rad1 b6 17. Ne5 Bb7 18. f4 Rd6 19. g4 g6 20. g5 Nh7 21. gxh6 Rdd8 22. Nxg6 fxg6 23. Qxe6+ Kf8 24. Bxg6 Qe7 25. Qxe7+ Kxe7 26. Bxh7 Rab8 27. Bg6 Rh8 28. Rfe1+ Kf6 29. Rd2 1/2-1/2

[Event "AUT-chT2M 2122"]
[Site "Austria"]
[Date "2021.10.03"]
[Round "3.5"]
[White "Pantovic, Dragan M"]
[Black "Kravanja, Georg"]
[Result "0-1"]
[WhiteElo "2078"]
[BlackElo "2199"]
[PlyCount "58"]
[EventDate "2021.10.01"]
[EventType "team-tourn"]
[EventRounds "11"]
[EventCountry "AUT"]
[SourceTitle "CBM 204 Extra"]
[Source "ChessBase"]
[SourceDate "2021.11.30"]
[SourceVersion "1"]
[SourceVersionDate "2021.11.30"]
[SourceQuality "1"]
[WhiteTeam "Villach Admira"]
[BlackTeam "Graz Schachfreunde"]
[WhiteTeamCountry "AUT"]
[BlackTeamCountry "AUT"]

1. d4 g6 2. e4 Bg7 3. Nc3 d6 4. f4 a6 5. Nf3 b5 6. Bd3 Bb7 7. e5 Nh6 8. Qe2 0-0 9. Be3 Qc8 10. Ne4 Nd7 11. Neg5 Nb6 12. 0-0-0 Nd5 13. Bd2 c5 14. dxc5 dxc5 15. Be4 e6 16. h4 c4 17. Bxd5 Bxd5 18. Bb4 Rd8 19. h5 a5 20. Be7 Rd7 21. Bf6 c3 22. hxg6 cxb2+ 23. Kxb2 fxg6 24. Nd4 Bf8 25. Ngxe6 Bxe6 26. Nxe6 Rxd1 27. Rxd1 Qxe6 28. Qxb5 Rc8 29. g4 Nxg4 0-1

[Event "AUT-chT2M 2122"]
[Site "Austria"]
[Date "2021.10.01"]
[Round "1.5"]
[White "Pantovic, Dragan M"]
[Black "Marakovits, Nico"]
[Result "1/2-1/2"]
[WhiteElo "2078"]
[BlackElo "2221"]
[PlyCount "88"]
[EventDate "2021.10.01"]
[EventType "team-tourn"]
[EventRounds "11"]
[EventCountry "AUT"]
[SourceTitle "CBM 204 Extra"]
[Source "ChessBase"]
[SourceDate "2021.11.30"]
[SourceVersion "1"]
[SourceVersionDate "2021.11.30"]
[SourceQuality "1"]
[WhiteTeam "Villach Admira"]
[BlackTeam "Fuerstenfeld/Hartberg"]
[WhiteTeamCountry "AUT"]
[BlackTeamCountry "AUT"]

1. d4 Nf6 2. c4 e6 3. Nf3 d5 4. g3 Be7 5. Bg2 dxc4 6. Ne5 c5 7. Qa4+ Nbd7 8. dxc5 Bxc5 9. 0-0 Qc7 10. Bf4 Bd6 11. Nxd7 Bxd7 12. Bxd6 Qxd6 13. Qxc4 Qb6 14. Nc3 0-0 15. Qb3 Qa5 16. Rac1 Rac8 17. Rfd1 Rc7 18. Ne4 Ba4 19. Nxf6+ gxf6 20. Qa3 Bxd1 21. Qxa5 Rxc1 22. h4 Bxe2+ 23. Kh2 Rc2 24. Qb4 b5 25. Qd4 Kg7 26. g4 e5 27. Qe4 Rd2 28. g5 Bc4 29. Qf5 Rd6 30. Be4 Rg8 31. gxf6+ Rxf6 32. Qg5+ Rg6 33. Qxe5+ f6 34. Qc7+ Bf7 35. Bxg6 hxg6 36. Qxa7 Re8 37. Kg3 Re2 38. a3 Rxb2 39. Qc5 Rb3+ 40. Kg2 Rb1 41. f4 Rb2+ 42. Kf3 Rb3+ 43. Kg2 Rb2+ 44. Kf3 Rb3+ 1/2-1/2

[Event "Novi Sad TS IM 125th"]
[Site "Novi Sad"]
[Date "2020.01.19"]
[Round "5"]
[White "Nastore, Pavel Alexandru"]
[Black "Pantovic, Dragan M"]
[Result "1/2-1/2"]
[WhiteElo "2220"]
[BlackElo "2037"]
[PlyCount "42"]
[EventDate "2020.01.17"]
[EventType "tourn"]
[EventRounds "9"]
[EventCountry "SRB"]
[SourceTitle "CBM 194 Extra"]
[Source "ChessBase"]
[SourceDate "2020.03.31"]
[SourceVersion "1"]
[SourceVersionDate "2020.03.31"]
[SourceQuality "1"]

1. e4 e5 2. Nf3 Nc6 3. Bb5 a6 4. Ba4 Nf6 5. 0-0 Be7 6. Re1 b5 7. Bb3 d6 8. c3 0-0 9. h3 Bb7 10. d4 Nd7 11. Nbd2 exd4 12. cxd4 Bf6 13. Nf1 Re8 14. Ng3 g6 15. a3 Na5 16. Bc2 c5 17. Rb1 cxd4 18. Nxd4 Rc8 19. Bh6 Nc4 20. Kh2 Qb6 21. Be3 Nxe3 1/2-1/2

[Event "Novi Sad TS IM 125th"]
[Site "Novi Sad"]
[Date "2020.01.18"]
[Round "3"]
[White "Sahil, Tickoo"]
[Black "Pantovic, Dragan M"]
[Result "1-0"]
[WhiteElo "2259"]
[BlackElo "2037"]
[PlyCount "97"]
[EventDate "2020.01.17"]
[EventType "tourn"]
[EventRounds "9"]
[EventCountry "SRB"]
[SourceTitle "CBM 194 Extra"]
[Source "ChessBase"]
[SourceDate "2020.03.31"]
[SourceVersion "1"]
[SourceVersionDate "2020.03.31"]
[SourceQuality "1"]

1. e4 e5 2. Nf3 Nc6 3. Bb5 a6 4. Bxc6 dxc6 5. d4 exd4 6. Qxd4 Qxd4 7. Nxd4 Bd7 8. Be3 0-0-0 9. Nc3 f6 10. 0-0-0 Re8 11. a3 Bd6 12. h4 Ne7 13. h5 c5 14. Nde2 f5 15. Bf4 Bxf4+ 16. Nxf4 fxe4 17. Nxe4 Rhf8 18. Nd3 Bc6 19. Nd2 b6 20. Rde1 Nf5 21. Rxe8+ Rxe8 22. Re1 Rxe1+ 23. Nxe1 Nd4 24. c3 Ne2+ 25. Kc2 Nf4 26. g4 b5 27. Nd3 Nh3 28. f3 c4 29. Nc5 Ng5 30. f4 Nh3 31. f5 Nf2 32. g5 Nh3 33. Nde4 Kd8 34. f6 g6 35. hxg6 hxg6 36. Kd2 Ke8 37. Ke3 Kf7 38. Kd4 Nf4 39. Ke5 Nh3 40. Kd4 Nf4 41. Ke3 Nh3 42. Ke2 a5 43. Ke3 Bd5 44. Kd4 Bc6 45. a4 Nf4 46. axb5 Bxb5 47. Ke5 Nh3 48. Ne6 Bd7 49. Nxc7 1-0

[Event "Belgrade-chT"]
[Site "Belgrade"]
[Date "2019.10.01"]
[Round "8.5"]
[White "Pantovic, Dragan M"]
[Black "Grcic, Vukasin"]
[Result "0-1"]
[WhiteElo "2062"]
[BlackElo "2125"]
[PlyCount "42"]
[EventDate "2019.09.23"]
[EventType "team-tourn"]
[EventRounds "11"]
[EventCountry "SRB"]
[SourceTitle "EXT 2020"]
[Source "ChessBase"]
[SourceDate "2019.10.17"]
[SourceVersion "1"]
[SourceVersionDate "2019.10.17"]
[SourceQuality "1"]
[WhiteTeam "Belgrade Radnicki"]
[BlackTeam "Tadic"]
[WhiteTeamCountry "SRB"]
[BlackTeamCountry "SRB"]

1. d4 d5 2. c4 e6 3. Nc3 c5 4. cxd5 exd5 5. Nf3 Nc6 6. g3 Nf6 7. Bg2 Be7 8. 0-0 0-0 9. Bg5 Bf5 10. dxc5 d4 11. Nb5 Bxc5 12. Rc1 Bb6 13. Bf4 Nh5 14. Bd6 Re8 15. Bc5 d3 16. e3 d2 17. Nxd2 Bd3 18. Qxh5 Bxf1 19. Bxb6 Qxd2 20. Rd1 Qe2 21. Bf3 Qxb5 0-1

[Event "Feffernitz op 28th"]
[Site "Feffernitz"]
[Date "2019.08.21"]
[Round "5"]
[White "Pantovic, Dragan M"]
[Black "Postlmayer, Jakob"]
[Result "1/2-1/2"]
[WhiteElo "2030"]
[BlackElo "2188"]
[PlyCount "162"]
[EventDate "2019.08.18"]
[EventType "swiss"]
[EventRounds "9"]
[EventCountry "AUT"]
[SourceTitle "EXT 2020"]
[Source "ChessBase"]
[SourceDate "2019.10.17"]
[SourceVersion "1"]
[SourceVersionDate "2019.10.17"]
[SourceQuality "1"]

1. d4 Nf6 2. c4 g6 3. g3 Bg7 4. Bg2 0-0 5. Nf3 d6 6. 0-0 Nc6 7. Nc3 e5 8. dxe5 dxe5 9. Bg5 Be6 10. Qa4 Qc8 11. Rfd1 Nd7 12. Nd5 e4 13. Nd2 Nb6 14. Qa3 Bxd5 15. cxd5 Nd4 16. Bxe4 Nxe2+ 17. Kh1 Qg4 18. Be7 Rfe8 19. Bf3 Qd7 20. Bxe2 Qxe7 21. Qxe7 Rxe7 22. Bf3 Bxb2 23. Rab1 Bg7 24. Ne4 Rb8 25. Nc5 Be5 26. Re1 Bd6 27. Rxe7 Bxe7 28. Nxb7 Rxb7 29. d6 Rb8 30. dxe7 Re8 31. Re1 Nc8 32. Rb1 Nd6 33. Re1 Nf5 34. Rb1 Rxe7 35. Rb7 c5 36. Rb8+ Kg7 37. Rc8 Re5 38. Rc7 Nd4 39. Kg2 a5 40. Ra7 c4 41. Rc7 Nc2 42. Kf1 Na3 43. Be2 Re4 44. Rc5 a4 45. Bd1 Rd4 46. Ke1 Nb1 47. Bxa4 Nc3 48. Bc2 Nxa2 49. Ke2 Nb4 50. Bb1 Nd5 51. Bc2 g5 52. f3 h6 53. Be4 Nc3+ 54. Ke3 Nxe4 55. fxe4 Rd3+ 56. Ke2 Ra3 57. Rxc4 Ra2+ 58. Kf3 Rxh2 59. Rc6 Ra2 60. Rb6 Ra3+ 61. Kf2 g4 62. Rc6 Rf3+ 63. Kg2 Re3 64. Rc4 Re2+ 65. Kf1 Ra2 66. Rb4 f6 67. e5 f5 68. Rb7+ Kg6 69. Rb6+ Kg5 70. Rb7 Ra3 71. Rg7+ Kh5 72. Kf2 Rf3+ 73. Kg2 f4 74. gxf4 Rxf4 75. e6 Re4 76. e7 Kh4 77. Rg6 h5 78. Rg7 Re5 79. Kf2 Kh3 80. Rg5 Rxg5 81. e8Q Rf5+ 1/2-1/2

[Event "Novi Sad TS IM 115th"]
[Site "Novi Sad"]
[Date "2019.04.15"]
[Round "1"]
[White "Aliyev, Ravan"]
[Black "Pantovic, Dragan M"]
[Result "1-0"]
[WhiteElo "2376"]
[BlackElo "2061"]
[PlyCount "61"]
[EventDate "2019.04.15"]
[EventType "tourn"]
[EventRounds "9"]
[EventCountry "SRB"]
[SourceTitle "CBM 190 Extra"]
[Source "ChessBase"]
[SourceDate "2019.07.15"]
[SourceVersion "1"]
[SourceVersionDate "2019.07.15"]
[SourceQuality "1"]

1. d4 Nf6 2. c4 g6 3. Nc3 Bg7 4. g3 0-0 5. Bg2 d6 6. Nf3 Nbd7 7. 0-0 e5 8. e4 c6 9. b3 Re8 10. Bb2 exd4 11. Nxd4 Nc5 12. Qc2 a5 13. Rad1 Qb6 14. Ba3 Bg4 15. Rd2 Rad8 16. h3 Bc8 17. Nde2 h5 18. Kh1 Nh7 19. f4 Bf8 20. Rfd1 Be7 21. Kh2 Nf8 22. Bb2 Qb4 23. f5 Ncd7 24. Nf4 Ne5 25. f6 Bxf6 26. Ncd5 cxd5 27. Nxd5 Qc5 28. Nxf6+ Kg7 29. Rxd6 Ne6 30. Nxe8+ Rxe8 31. R6d5 1-0

[Event "EU-ch 20th"]
[Site "Skopje"]
[Date "2019.03.26"]
[Round "8"]
[White "Kocyigit, Buse Naz"]
[Black "Pantovic, Dragan M"]
[Result "0-1"]
[WhiteElo "1973"]
[BlackElo "2063"]
[PlyCount "148"]
[EventDate "2019.03.18"]
[EventType "swiss"]
[EventRounds "11"]
[EventCountry "MKD"]
[SourceTitle "CBM 189"]
[Source "ChessBase"]
[SourceDate "2019.04.29"]
[SourceVersion "1"]
[SourceVersionDate "2019.04.29"]
[SourceQuality "1"]

1. e4 e5 2. Nf3 Nc6 3. Bb5 a6 4. Ba4 Nf6 5. 0-0 Be7 6. Re1 b5 7. Bb3 d6 8. c3 0-0 9. h3 Bb7 10. d4 Re8 11. Nbd2 Bf8 12. Bc2 h6 13. Nf1 exd4 14. cxd4 Nb4 15. Bb1 Bxe4 16. Bxe4 Nxe4 17. a3 Nd5 18. Qc2 Nef6 19. Bd2 Qd7 20. Ng3 g6 21. Nh4 Bg7 22. f4 Rxe1+ 23. Rxe1 Re8 24. Rc1 Nh7 25. Nf3 c5 26. dxc5 dxc5 27. Qxc5 Bxb2 28. Qc6 Qxc6 29. Rxc6 Bxa3 30. Rxa6 Bc5+ 31. Kf1 b4 32. Ra5 Ne3+ 33. Bxe3 Bxe3 34. Ne2 Rb8 35. Re5 Ba7 36. Re7 Bc5 37. Rc7 Bf8 38. Nfd4 b3 39. Rc1 Nf6 40. Rb1 Ne4 41. Ke1 Bb4+ 42. Kd1 Nf2+ 43. Kc1 Nd3+ 44. Kd1 b2 45. Kc2 Ne1+ 46. Kxb2 Bd6+ 47. Ka2 Ra8+ 48. Kb3 Nxg2 49. f5 g5 50. Nb5 Be5 51. Kc4 Kg7 52. Kd5 Kf6 53. Nbd4 Ra6 54. Ke4 Nh4 55. Rb5 Bxd4 56. Nxd4 Rd6 57. Rc5 h5 58. Rc8 Nxf5 59. Nxf5 Re6+ 60. Kf3 Kxf5 61. Rc3 Re5 62. Rb3 Ra5 63. Rc3 f6 64. Rb3 g4+ 65. hxg4+ hxg4+ 66. Kg3 Kg5 67. Rc3 f5 68. Rc2 f4+ 69. Kh2 Kh4 70. Kg2 Ra3 71. Rc8 Ra2+ 72. Kf1 Kg3 73. Rf8 f3 74. Ke1 f2+ 0-1

[Event "EU-ch 20th"]
[Site "Skopje"]
[Date "2019.03.18"]
[Round "1"]
[White "Pantovic, Dragan M"]
[Black "Diermair, Andreas"]
[Result "0-1"]
[WhiteElo "2063"]
[BlackElo "2478"]
[PlyCount "48"]
[EventDate "2019.03.18"]
[EventType "swiss"]
[EventRounds "11"]
[EventCountry "MKD"]
[SourceTitle "CBM 189"]
[Source "ChessBase"]
[SourceDate "2019.04.29"]
[SourceVersion "1"]
[SourceVersionDate "2019.04.29"]
[SourceQuality "1"]

1. d4 Nf6 2. c4 e6 3. Nc3 Bb4 4. e3 0-0 5. Bd3 d5 6. Nf3 b6 7. 0-0 Ba6 8. cxd5 exd5 9. Bxa6 Nxa6 10. Qa4 Qc8 11. Bd2 Re8 12. Nb5 Bf8 13. Ne5 c5 14. Rfc1 Qb7 15. f3 Nb8 16. a3 a6 17. Nc3 b5 18. Qc2 cxd4 19. exd4 Qb6 20. f4 Qxd4+ 21. Kh1 Nbd7 22. Be1 Nxe5 23. fxe5 Qxe5 24. Bg3 Qg5 0-1

[Event "Belgrade-chT Quality"]
[Site "Belgrade"]
[Date "2018.09.18"]
[Round "2.4"]
[White "Pantovic, Dragan M"]
[Black "Todorovic, Violeta"]
[Result "1/2-1/2"]
[WhiteElo "2081"]
[BlackElo "2039"]
[PlyCount "58"]
[EventDate "2018.09.17"]
[EventType "team-tourn"]
[EventRounds "11"]
[EventCountry "SRB"]
[SourceTitle "CBM 186 Extra"]
[Source "ChessBase"]
[SourceDate "2018.08.24"]
[SourceVersion "1"]
[SourceVersionDate "2018.08.24"]
[SourceQuality "1"]
[WhiteTeam "MZ Cirilo i Metodije"]
[BlackTeam "Bogoslov"]
[WhiteTeamCountry "SRB"]
[BlackTeamCountry "SRB"]

1. d4 Nf6 2. c4 g6 3. g3 Bg7 4. Bg2 c5 5. Nf3 0-0 6. 0-0 cxd4 7. Nxd4 Nc6 8. Nc3 a6 9. c5 Nxd4 10. Qxd4 d6 11. Rd1 Nd7 12. Qh4 Bf6 13. Bg5 Bxg5 14. Qxg5 Nxc5 15. b4 Ne6 16. Qh4 Ng7 17. Nd5 Nf5 18. Qc4 Bd7 19. e4 Rc8 20. Qe2 Ng7 21. e5 Bb5 22. Qb2 f6 23. exf6 exf6 24. Re1 Rf7 25. a4 Bc4 26. Rac1 b5 27. a5 Kh8 28. Nb6 Rcc7 29. Nd5 Rc8 1/2-1/2

[Event "Feffernitz op 27th"]
[Site "Feffernitz"]
[Date "2018.08.23"]
[Round "6"]
[White "Perhinig, Robert"]
[Black "Pantovic, Dragan M"]
[Result "1-0"]
[WhiteElo "2226"]
[BlackElo "2087"]
[PlyCount "71"]
[EventDate "2018.08.19"]
[EventType "swiss"]
[EventRounds "9"]
[EventCountry "AUT"]
[SourceTitle "CBM 186 Extra"]
[Source "ChessBase"]
[SourceDate "2018.08.24"]
[SourceVersion "1"]
[SourceVersionDate "2018.08.24"]
[SourceQuality "1"]

1. d4 Nf6 2. c4 g6 3. Nc3 Bg7 4. e4 d6 5. h3 0-0 6. Bg5 c5 7. d5 e6 8. Bd3 exd5 9. exd5 Re8+ 10. Kf1 h6 11. Bf4 Nh5 12. Bh2 Be5 13. Bxe5 Rxe5 14. Nf3 Re8 15. Qd2 Kg7 16. g3 Nd7 17. Kg2 Ne5 18. Nxe5 Rxe5 19. Rhe1 Rxe1 20. Rxe1 a6 21. Qe3 Qd7 22. g4 Nf6 23. f4 b5 24. cxb5 Bb7 25. Qf3 axb5 26. g5 hxg5 27. fxg5 Nh5 28. Bxb5 Qd8 29. h4 Ba6 30. a4 Bc8 31. Re8 Qa5 32. Re7 Bf5 33. Bd3 Qb4 34. Bxf5 Nf4+ 35. Kg3 Nh5+ 36. Kh2 1-0

[Event "Feffernitz op 27th"]
[Site "Feffernitz"]
[Date "2018.08.19"]
[Round "2"]
[White "Kerschenbauer, Franz"]
[Black "Pantovic, Dragan M"]
[Result "1/2-1/2"]
[WhiteElo "1863"]
[BlackElo "2087"]
[PlyCount "91"]
[EventDate "2018.08.19"]
[EventType "swiss"]
[EventRounds "9"]
[EventCountry "AUT"]
[SourceTitle "CBM 186 Extra"]
[Source "ChessBase"]
[SourceDate "2018.08.24"]
[SourceVersion "1"]
[SourceVersionDate "2018.08.24"]
[SourceQuality "1"]

1. d4 Nf6 2. c4 g6 3. Nc3 Bg7 4. e4 d6 5. Be2 0-0 6. Be3 c5 7. e5 Nfd7 8. exd6 exd6 9. d5 Ne5 10. h3 f5 11. Qd2 Nbd7 12. Bh6 Qe7 13. Bxg7 Kxg7 14. 0-0-0 a6 15. f4 Nf7 16. Bd3 Re8 17. Nf3 Qe3 18. Rhe1 Qxd2+ 19. Kxd2 Rxe1 20. Rxe1 Kf8 21. g4 fxg4 22. hxg4 Nf6 23. g5 Nh5 24. Ne4 Bg4 25. Nh4 Re8 26. Rf1 Kg7 27. f5 gxf5 28. Nxf5+ Bxf5 29. Rxf5 Rd8 30. Nf6 Nxf6 31. gxf6+ Kf8 32. Rh5 h6 33. Bg6 b5 34. b3 bxc4 35. bxc4 Rb8 36. Kc3 Re8 37. Bxf7 Kxf7 38. Rxh6 Re3+ 39. Kc2 a5 40. Rh7+ Kxf6 41. Ra7 Ke5 42. Rxa5 Kd4 43. Ra6 Kxc4 44. Rxd6 Re2+ 45. Kb1 Kc3 46. a4 1/2-1/2